A handbook of philosophy of education / (Record no. 123079)
[ view plain ]
| 000 -LEADER | |
|---|---|
| fixed length control field | 00895nam a22002417a 4500 |
| 005 - DATE AND TIME OF LATEST TRANSACTION | |
| control field | 20170124105920.0 |
| 010 ## - LIBRARY OF CONGRESS CONTROL NUMBER | |
| LC control number | B-160373 |
| 020 ## - INTERNATIONAL STANDARD BOOK NUMBER | |
| International Standard Book Number | 8183250122 |
| Terms of availability | 00.00 |
| 035 ## - SYSTEM CONTROL NUMBER | |
| System control number | B-160373 |
| 037 ## - SOURCE OF ACQUISITION | |
| Source of stock number/acquisition | Cen Lib/Ret |
| 040 ## - CATALOGING SOURCE | |
| Original cataloging agency | DPL |
| Language of cataloging | EN |
| 082 ## - DEWEY DECIMAL CLASSIFICATION NUMBER | |
| Classification number | 370.1 |
| Item number | AHA |
| 245 ## - TITLE STATEMENT | |
| Title | A handbook of philosophy of education / |
| Statement of responsibility, etc | edited by Kavita Chaudhary |
| 260 ## - PUBLICATION, DISTRIBUTION, ETC. (IMPRINT) | |
| Place of publication, distribution, etc | New Delhi |
| Name of publisher, distributor, etc | Mahamaya Publishing House |
| Date of publication, distribution, etc | 2005 |
| 270 ## - ADDRESS | |
| Address | 12-H,Shantivan Marg,opp.Traffic Kotwali, Dariya Ganj |
| City | New Delhi |
| Postal code | 110002 |
| 300 ## - PHYSICAL DESCRIPTION | |
| Extent | v,232p. |
| Dimensions | 23cm(Hb) |
| 650 ## - SUBJECT ADDED ENTRY--TOPICAL TERM | |
| Topical term or geographic name as entry element | Philosophy and Education-Natural Law |
| 9 (RLIN) | 4023 |
| 650 ## - SUBJECT ADDED ENTRY--TOPICAL TERM | |
| Topical term or geographic name as entry element | Logical Science |
| 9 (RLIN) | 4024 |
| 650 ## - SUBJECT ADDED ENTRY--TOPICAL TERM | |
| Topical term or geographic name as entry element | दर्शन और शिक्षा-प्राकृतिक विधि |
| 9 (RLIN) | 4025 |
| 650 ## - SUBJECT ADDED ENTRY--TOPICAL TERM | |
| Topical term or geographic name as entry element | तार्किक विज्ञान |
| 9 (RLIN) | 442 |
| 700 ## - ADDED ENTRY--PERSONAL NAME | |
| Personal name | Chaudhary,Kavita |
| 9 (RLIN) | 60508 |
| 942 ## - ADDED ENTRY ELEMENTS (KOHA) | |
| Source of classification or shelving scheme | Dewey Decimal Classification |
| Koha item type | English Books |
| Classification part | 370.1 |
| Call number suffix | AHA |
| Withdrawn status | Lost status | Damaged status | Not for loan | Home library | Current library | Date acquired | Source of acquisition | Cost, normal purchase price | Total Checkouts | Full call number | Barcode | Date last seen | Date checked out | Copy number | Cost, replacement price | Price effective from | Koha item type |
|---|---|---|---|---|---|---|---|---|---|---|---|---|---|---|---|---|---|
| Central Library | Central Library | 02/06/2015 | Cen Lib/Ret | 0.00 | 1 | 370.1 AHA | B-160373 | 20/05/2023 | 04/05/2023 | 1 | 0.00 | 02/06/2015 | English Books |
